| 000 | 00532nam a22001817a 4500 | ||
|---|---|---|---|
| 005 | 20140506154234.0 | ||
| 010 | _aENG-109708 | ||
| 020 |
_a9789325971615 _c350.00 |
||
| 035 | _aEN-93240 | ||
| 037 | _bDBAD/PUB | ||
| 082 | _a000 | ||
| 245 | 0 | 0 | _aUGC-NET/JRF/SET teaching and research aptitude (General paper-I) |
| 260 |
_aNoida _bVikas Publising House _c2014 |
||
| 270 |
_aE-28, Sector-8 _bNoida _e201301 |
||
| 300 |
_avarious pagings _c24cm(pbk) |
||
| 490 | _aPrep booster series | ||
| 942 |
_2ddc _cEN _mUGC _h000 |
||
| 999 |
_c83489 _d83489 |
||